Govt. of
Madhya Pradesh

Normal view MARC view

Entry Personal Name

Number of records used in: 2

001 - CONTROL NUMBER

  • control field: 49398

003 - CONTROL NUMBER IDENTIFIER

  • control field: OSt

005 - DATE AND TIME OF LATEST TRANSACTION

  • control field: 20160331161841.0

008 - FIXED-LENGTH DATA ELEMENTS

  • fixed length control field: 160331|| aca||aabn | a|a d

040 ## - CATALOGING SOURCE

  • Original cataloging agency: OSt
  • Transcribing agency: OSt

100 ## - HEADING--PERSONAL NAME

  • Personal name: काबरा कमल नयन

670 ## - SOURCE DATA FOUND

  • Source citation: Work cat.: (OSt)17739: काबरा कमल नयन , भारतीय अर्थव्‍यवस्‍था , 2004